LEADER 05489nam 2200481 450 001 9910556887103321 005 20221113213004.0 010 $a3-030-95171-5 035 $a(MiAaPQ)EBC6941410 035 $a(Au-PeEL)EBL6941410 035 $a(CKB)21435612300041 035 $a(PPN)261518623 035 $a(EXLCZ)9921435612300041 100 $a20221113d2022 uy 0 101 0 $aeng 135 $aurcnu|||||||| 181 $ctxt$2rdacontent 182 $cc$2rdamedia 183 $acr$2rdacarrier 200 10$aSupernovae, neutron star physics and nucleosynthesis /$fDebades Bandyopadhyay and Kamales Kar 210 1$aCham, Switzerland :$cSpringer International Publishing,$d[2022] 210 4$d©2022 215 $a1 online resource (221 pages) 225 1 $aAstronomy and Astrophysics Library 311 08$aPrint version: Bandyopadhyay, Debades Supernovae, Neutron Star Physics and Nucleosynthesis Cham : Springer International Publishing AG,c2022 9783030951702 327 $aIntro -- Foreword -- Preface -- Contents -- Acronyms -- 1 Introduction -- 2 Theory of Supernova Explosions -- 2.1 Overview: Historical -- 2.2 Supernova Type Ia -- 2.3 Gravitational Collapse and Pre-supernova Conditions -- 2.4 Production of Neutrinos and Their Emission -- 2.5 Shock Wave Formation and Its Eventual Stalling -- 2.6 The Revival of the Shock Wave- the Neutrino Mechanism -- 2.7 Multi-Dimensional Hydrodynamic Simulations and the Present Scenario -- 2.8 The Supernova SN1987A -- 2.9 Detection of Neutrinos from Future Supernova Events -- References -- 3 Neutron Stars -- 3.1 History and Discovery of Neutron Stars -- 3.2 Observational Constraints on Neutron Stars -- 3.2.1 Mass -- 3.2.2 Radius -- 3.2.3 Moment of Inertia -- 3.3 Compositions and Novel Phases of Neutron Stars-Crust to Core -- 3.4 Equation of State Models of Neutron Star Matter -- 3.4.1 Microscopic Models -- 3.4.2 Chiral Effective Field Theory Models -- 3.4.3 Phenomenological Models -- 3.4.4 EoS Models of Matter at Sub-saturation Density -- 3.4.4.1 Baym-Pethick-Sutherland Model of Outer Crust -- 3.4.4.2 EoS Models of Inner Crust -- 3.4.4.3 Extended Nuclear Statistical Equilibrium Model -- 3.5 Relativistic Field Theoretical Models for Dense Matter at Zero and Finite Temperatures -- 3.5.1 Relativistic Mean Field Models -- 3.5.1.1 Hyperon-Hyperon Interaction -- 3.5.2 Bose-Einstein Condensates of (Anti)kaons -- 3.5.3 Quark Matter -- 3.5.3.1 Unpaired Quark Matter -- 3.5.3.2 Color Superconductivity in Quark Matter -- 3.5.3.3 Nambu-Jona-Lasinio Model for Quark Matter -- 3.5.4 Density Dependent Hadronic Field Theory at Finite Temperature -- 3.5.5 Antikaon Condensation at Finite Temperature -- 3.5.6 Nuclear Physics Constraints on EoS -- 3.6 Tolman-Oppenheimer-Volkoff Equation and Structures of Neutron Stars -- 3.7 Stable Branch of Compact Stars Beyond Neutron Star Branch. 327 $a3.8 Rotating Neutron Stars, Moment of Inertia and Quadrupole Moment -- 3.8.1 Slowly Rotating Neutron Stars -- 3.8.2 Fully Relativistic, Nonlinear Models of Rapidly Rotating Neutron Stars -- 3.9 Neutron Star Matter in Strongly Quantizing Magnetic Fields -- 3.9.1 Magnetized Neutron Star Crusts -- 3.9.2 Dense Matter in Strong Magnetic Fields -- 3.10 EoS Tables for Supernova and Binary Neutron Star Merger Simulations -- Appendix 1 -- References -- 4 Binary Neutron Star Mergers -- 4.1 Gravitational Waves as New Window into Neutron Stars -- 4.2 First Binary Neutron Star Merger GW170817 and Multimessenger Astrophysics -- 4.3 Tidal Deformability, Love Number, and EoS -- 4.4 I-Love-Q Universal Relations -- 4.5 Inspiral Phase of BNS Merger, Tidal Deformability, and Cold EoS -- 4.6 Neutron Star Radius Determination from Tidal Deformability -- 4.7 Hot and Neutrino-Trapped Merger Remnants and Finite Temperature EoSs -- 4.7.1 Fate of BNS Merger Remnants -- 4.7.2 Upper Bound on Maximum Mass of Neutron Stars from GW170817 -- 4.7.3 Finite Temperature EoSs and Imprints of Exotic Matter in GW Signals -- References -- 5 Synthesis of Heavy Elements in the Universe -- 5.1 Different Modes of Nucleosynthesis: The s-, the r-, and the p-Processes -- 5.1.1 The s-Process -- 5.1.2 The r-Process -- 5.1.3 The p-Process -- 5.2 Conditions for Production of Elements by the r-Process and the Sites -- 5.2.1 The Waiting-Point Nuclei -- 5.2.2 Fission Cycling -- 5.2.3 Freeze-Out -- 5.2.4 Conditions Needed for the r-Process -- 5.2.5 The Collapse of Massive Stars as Site for the r-Process -- 5.2.6 Neutron Star-Neutron Star/Black Hole Merger as Site for the r-Process -- 5.3 Inputs for Nuclear Modelling of the r-Process -- 5.3.1 Nuclear Masses/Binding Energies -- 5.3.2 Beta Decay Rates -- 5.3.3 Neutron Capture Rates. 327 $a5.4 Electromagnetic Counterpart of GW170817 and Ejected Matter in BNS Merger -- 5.5 Decompression of Ejected Neutron-Rich Matter in Lattimer and Schramm Model -- 5.6 Kilonova Model -- 5.7 Heavy Element Synthesis in Neutron-Rich Matter Ejected in GW170817 -- References -- Index. 410 0$aAstronomy and Astrophysics Library 606 $aAstrophysics 606 $aAstrophysics$xData processing 615 0$aAstrophysics. 615 0$aAstrophysics$xData processing. 676 $a523.01 700 $aBandyopadhyay$b Debades$01126358 702 $aKar$b Kamales 801 0$bMiAaPQ 801 1$bMiAaPQ 801 2$bMiAaPQ 906 $aBOOK 912 $a9910556887103321 996 $aSupernovae, neutron star physics and nucleosynthesis$92979503 997 $aUNINA LEADER 03092nam 2200601 450 001 9910816862303321 005 20230809223400.0 010 $a3-11-042339-1 024 7 $a10.1515/9783110427226 035 $a(CKB)3710000001123462 035 $a(MiAaPQ)EBC4830556 035 $a(DE-B1597)451686 035 $a(OCoLC)984684247 035 $a(DE-B1597)9783110427226 035 $a(Au-PeEL)EBL4830556 035 $a(CaPaEBR)ebr11365997 035 $a(OCoLC)980786766 035 $a(EXLCZ)993710000001123462 100 $a20170410h20172017 uy 0 101 0 $ager 135 $aurcnu|||||||| 181 $2rdacontent 182 $2rdamedia 183 $2rdacarrier 200 10$aWortbildung des heutigen Franzo?sisch /$fFrank Paulikat 210 1$aBerlin, [Germany] ;$aBoston, [Massachusetts] :$cDe Gruyter,$d2017. 210 4$d©2017 215 $a1 online resource (232 pages) 225 0 $aRomanistische Arbeitshefte ;$v66 311 $a3-11-042721-4 311 $a3-11-042722-2 320 $aIncludes bibliographical references and index. 327 $tFrontmatter -- $tVorwort -- $tInhalt -- $tAbkürzungen und typographische Konventionen -- $t1. Grundlagen -- $t2. Wortbildungsmuster und -kategorien des Französischen -- $t3. Wortbildung in Varietäten des Französischen -- $t4. Kurze Geschichte der französischen Wortbildung -- $t5. Literaturverzeichnis -- $t6. Indizes 330 $aDie auf die Wortbildung des Französischen ausgerichtete Einführung behandelt neben der synchronen Analyse auch innovative Aspekte des Themenbereichs. Berücksichtigt sind die bisher nicht systematisch dargestellte Spezifik der fachsprachlichen Wortbildung sowie die Deonomastik, die Gegenstand umfangreicher Forschungsprojekte in der Romanistik ist. Darüber hinaus wird die Wortbildung in ihrer diatopischen und diastratischen Variation untersucht. Die angeführten Beispiele entstammen der Auswertung aktueller lexikographischer und korpuslinguistischer Quellen zum Französischen. Entsprechend werden anwendungsbezogene Möglichkeiten der linguistischen Korpusanalyse mit Hilfe der neuen Medien eingebracht. 330 $aThis volume covers the synchronal analysis as well as innovative aspects of French word formation. It systematically incorporates the previously neglected area of technical word formation and deonomastics. In addition, it examines diatopic and diastratic variations in French word formation, making applied use of linguistic corpus analysis through new media. 606 $aFrench language$xWord formation 606 $aNames, French 610 $aFrench Linguistics. 610 $aLexicology. 610 $aMorphology. 610 $aWord Formation. 615 0$aFrench language$xWord formation. 615 0$aNames, French. 676 $a445/.92 686 $aID 4380$2rvk 700 $aPaulikat$b Frank$01640043 801 0$bMiAaPQ 801 1$bMiAaPQ 801 2$bMiAaPQ 906 $aBOOK 912 $a9910816862303321 996 $aWortbildung des heutigen Franzo?sisch$93983416 997 $aUNINA